Matemáticas : secuencia y organización de contenidos. Educación secundaria.

Gespeichert in:
Bibliographische Detailangaben
Körperschaft: México. Secretaría de Educación Pública. Dirección General de Materiales y Métodos Educativos
Format: Buch
Sprache:Spanisch
Ausgabe:2a edición
Schlagworte:
Tags: Tag hinzufügen
Keine Tags, Fügen Sie das erste Tag hinzu!

MARC

LEADER 00000nam^a2200000^u^4500
001 000533226
005 20250521000000.0
008 070316s1000^^^^^^^^^^^^r^^^^^000^0^spa^d
009 20260310130930.195
022 |a 970185134X 
035 |a FCE 000077474 
037 |a Acervo ITESO - Biblioteca 
041 |a spa 
082 0 4 |a 373.72  |b SEPs MAT 2000 
110 |a México. Secretaría de Educación Pública. Dirección General de Materiales y Métodos Educativos 
245 1 0 |a Matemáticas :  |b secuencia y organización de contenidos. Educación secundaria. 
250 |a 2a edición 
264 |a México :  |b SEP : CONALITEG,  |c 2000. 
300 |a 71 p. :  |b il. 
336 |a texto  |b txt  |2 rdacontenido 
337 |a sin mediación  |b n  |2 rdamedio 
338 |a volumen  |b nc  |2 rdasoporte 
649 |a XX 
650 |a Enseñanza de las matemáticas 
650 |a Planificación 
650 |a Guía del docente 
650 |a Enseñanza secundaria 
650 |a Material de la clase 
650 |a Libros de texto 
910 |a Fondo Centro de Estudios Educativos 
920 |a Impresos - Libros 
930 |a Fondos Especiales 
905 |a 133 
901 |a ALE074648  |b IT2  |c CEE  |u 20250521 
902 |a https://opac.biblio.iteso.mx/vufind/Record/000533226